000 01003nam a22003137a 4500
003 CHAP
005 20220329135348.0
008 971013s1943 r 00010 d
010 _a35080
011 _a36052
035 _a40171
040 _cCHAP
082 _a348.4
_bM49n 1943
110 _aMéxico. Leyes, decretos, etc.
_977071
245 _aNuevo código agrario
_b: pról.,
260 _aMéxico, D.F. :
_bDepto. Agrario,
_c1943
300 _a269 p
590 _aBATCH-UPD
_b10
_c20130110
_lUCH01
_h0953
590 _aBATCH-UPD
_b10
_c20130410
_lUCH01
_h0606
590 _aBATCH-UPD
_b10
_c20130914
_lUCH01
_h0318
590 _aCONVERSION
_b10
_c20130109
_lUCH01
_h1320
650 1 4 _aAgricultura
_xLeyes
_xMéxico.
_91726
650 1 4 _aTierras
_xTenencia
_zMéxico.
_9113215
700 0 _aHinojosa Ortiz, Manuel.
_955525
901 _aBK
942 _cLIBRO
949 _a348.4 M49n 1943
_bBC
_cBPA
_d-91756
_eBPA
_h6898
_i40171
_si
949 _a348.4 M49n 1943
_bBC
_cBPA
_d-91757
_eBPA
_fc.2
_h6899
_i40171
_si
999 _c35080
_d35080